Leonorilda, eleva el pensamiento a las alturas /

Guardado en:
Detalles Bibliográficos
Autor principal: Orlando, Felipe (autor)
Formato: Libro
Idioma:Español
Publicado: México : Novaro, 1973, c1973
Temas:
Etiquetas: Agrega una etiqueta
Sin etiquetas, Sé el primero en etiquetar este registro!

MARC

LEADER 00000nam^a2200000^a^4500
001 000185741
005 20250521000000.0
009 20260310102201.984
037 |a Acervo ITESO - Biblioteca 
041 |a ESP 
082 |a 863.  |b ORL 
100 |a Orlando, Felipe  |e (autor) 
245 1 0 |a Leonorilda, eleva el pensamiento a las alturas /  |c F. Orlando. 
264 4 |a México :  |b Novaro,  |c 1973, c1973 
300 |a 254 p. 
336 |a texto  |b txt  |2 rdacontenido 
337 |a sin mediación  |b n  |2 rdamedio 
338 |a volumen  |b nc  |2 rdasoporte 
545 0 |a Felipe Orlando (Tenosique, Tabasco, 1911-Benalmádena, España, 2001), pintor, escritor, coleccionista de arte y antropólogo. Emigró desde su niñez a Cuba, donde se formó como artista plástico y participó en la oposición a la dictadura de Gerardo Machado (1925-33). Presentó su primera exposición personal en el Lyceum de La Habana en 1936 y un año después, sus primeros cuentos en publicaciones dominicales habaneras. Autor de Diez pintores del mundo (1941), en colaboración con Raúl Aparicio, sus pinturas fueron exhibidas en el Palacio de Bellas Artes de la capital mexicana y los museos de arte moderno de Nueva York y San Francisco –entre otros recintos de Argentina, Cuba, Estados Unidos, México y Venezuela- a lo largo de los años 1936-46. Estableció su taller en Nueva York (1946-51) y volvió a México por un período más extenso (1951-68), durante el que expuso en la Bienal de Venecia (1953) y países como Brasil, Colombia, Holanda, Japón y Perú. Orlando, quien mantuvo una relación de admiración mutua con su colega francés Georges Braque (1882-1963), ilustró en aquellos años una Breve antología de Miguel Hernández (1960) y desarrolló una fructífera tarea de difusión cultural en Radio Universidad de México. Instalado de forma casi permanente en España desde 1965, prosiguió sus actividades pictóricas e intensificó sus quehaceres literarios: El lento domingo del perro (1971) y El dulce nombre de la tarde (1972), los volúmenes de relatos, precedieron a Leonorilda, eleva el pensamiento a las alturas (1973), por la que recibió el Premio Nacional de Novela Netzahualcóyotl. Dos gardenias para Miguela Carabela (1973) y El perro petrificado (1993) también forman parte de la bibliografía de Orlando, quien fungió como director del Museo Arqueológico de Benalmádena, al que donara su colección de arte prehispánico. 
649 |a XX 
650 |a Novela Mexicana 
650 |a Literatura Mexicana -  |y Siglo XX 
910 |a Fondo General 
920 |a Impresos - Libros 
930 |a Colección General 
940 |a Literatura 
905 |a 101 
901 |a 0500127228  |b IT1  |c LIT  |u 20250521 
902 |a https://opac.biblio.iteso.mx/vufind/Record/000185741